| 000 | 00620nam a2200205 i 4500 | ||
|---|---|---|---|
| 001 | bgj | ||
| 100 | 1 | _aHODLIN, Tim | |
| 245 | 1 | 0 |
_aWriting letters in English : _ba practical guide / _cTim Hodlin ; Sue Hodlin. |
| 260 |
_aOxford : _bOxford University Press, _c1979. |
||
| 300 |
_a116 pp : _bill. ; _c24 cm. |
||
| 650 | 9 |
_aEnglish language _xTextbook for foreigners |
|
| 650 | 9 |
_aLetters _xComposition and exercises |
|
| 700 | 1 |
_aHODLIN, Sue. _eco-author |
|
| 020 | _a0194322157 (pbk) | ||
| 040 | _cBPK | ||
| 041 | 0 | _aeng | |
| 920 | _a0-19-432215-7 (pbk) | ||
| 942 | _cKS | ||
| 008 | s uk f |000 0 eng | ||
| 999 |
_c47302 _d47302 |
||
| 856 |
_uhttp://koha.tu.koszalin.pl/cgi-bin/koha/opac-detail.pl?biblionumber=47302 _yKatalog online BPK |
||